000 00366 a2200157 4500
001 151686
040 _cEscola São Tomás de Aquino
100 _aAGUALUSA, José Eduardo
240 1 0 _aO vendedor de passados
_lpor
245 1 0 _aO vendedor de passados
300 _a199
362 0 _a2006
440 1 _aGryphus
697 _a*LITERATURA JUVENIL
942 _cBK
999 _c151686
_d151686